The Ontological Argument
Alving Platinga presenta la importancia que ha tenido el argumento ontológico a lo largo de la historia de la filosofía, desde su primer planteamiento sistematizado filosóficamente por San Anselmo en el siglo XI. En efecto, se presenta la forma en que diversos autores han matizado este problema en s...
Gespeichert in:
| 1. Verfasser: | |
|---|---|
| Format: | Buch |
| Sprache: | Undetermined |
| Veröffentlicht: |
New York, Estados Unidos
Anchor Books
1965
|
| Schlagworte: | |
| Tags: |
Tag hinzufügen
Keine Tags, Fügen Sie den ersten Tag hinzu!
|
MARC
| LEADER | 00000nam a2200000Ia 4500 | ||
|---|---|---|---|
| 008 | 170316s9999 xx 000 0 und d | ||
| 040 | |a cru BVZT | ||
| 090 | |a 100 A-23.1o | ||
| 100 | |a San Anselmo |9 853 | ||
| 245 | 4 | |a The Ontological Argument | |
| 260 | |a New York, Estados Unidos | ||
| 260 | |b Anchor Books | ||
| 260 | |c 1965 | ||
| 300 | |a 180 páginas | ||
| 520 | |a Alving Platinga presenta la importancia que ha tenido el argumento ontológico a lo largo de la historia de la filosofía, desde su primer planteamiento sistematizado filosóficamente por San Anselmo en el siglo XI. En efecto, se presenta la forma en que diversos autores han matizado este problema en su sistema filosófico. Entre estos filósofos aparecen Tomás de Aquino, Descartes, Spinoza, Leibniz, Kant y Schopenhauer del periodo medieval al moderno. Mientras que los autores contemporáneos son G. E. Moore, William P. Alston, J. N. Findlay, Charles Hartshorne y Norman Malcolm | ||
| 650 | |a FILOSOFÍA |9 5 | ||
| 999 | |c 15495 |d 15495 | ||
| 942 | |c 15 D |h 100 A-23.1o |2 z | ||
